| 000 | 010300000a22001810004500 | ||
|---|---|---|---|
| 501 | _arústico | ||
| 001 | 12702 | ||
| 020 | _a958-97811-2-8 | ||
| 082 | 0 | 4 | _aG 986.1 S669g |
| 100 | 1 | _aSánchez Gómez, Gonzalo | |
| 245 | 1 | 0 | _aGuerras, memoria e historia / Gonzalo Sánchez Gómez |
| 250 | _a2 | ||
| 260 | _aMedellín Col. : La Carreta | ||
| 300 | _a141 p. | ||
| 505 | 0 | 0 | _aLas huellas de la guerra -- ¿Cómo nombrar el pasado? -- Guerras inconclusas, memorias circulares -- Guerras civiles, memorias residuales -- Insurgencias fragmentadas, memoria-mosaico -- Cronicidad y circularidad -- Es desencuentro de la violencia y la rebelión -- Guerra y memoria -- La transnacionalización de la guerra interna y los nuevos retos a la memoria - A propósito de memorias de los silenciados -- Los psicoanalistas, la guerra y la memoria |
| 650 | 1 | 4 | _aGUERRA Y SOCIEDAD \ MEMORIA \ HISTORIA MODERNA - SIGLO XX - GUERRA EN COLOMBIA \ CONFLICTO ARMADO - COLOMBIA \ GUERRA Y POLITICA \ SOLUCION DE CONFLICTOS \ VIOLENCIA |
| 942 | _cBK | ||
| 999 |
_c41725 _d41725 |
||